000
00309 a2200145 4500
001
181571
020
_a
040
_c
Magnum
100
_a
Sociedade Educacional Positivo
240
1
0
_a
Palavra viva
_l
por
245
1
0
_a
Palavra viva
362
0
_a
1899
697
_a
MAGNITO: A/POESIA, SONETO
942
_c
BK
999
_c
181571
_d
181571